| 000 | 00468nam a22001337a 4500 | ||
|---|---|---|---|
| 008 | 151106b xxu||||| |||| 00| 0 eng d | ||
| 050 | _aPQ103.C7 | ||
| 110 |
_aCruickshank, John _eeditor _920996 |
||
| 245 |
_aFrench literature and its background _bv.3 : the eighteenth century |
||
| 260 |
_aLondon; _aOxford; _aNew york _bOxford University Press _c1968 |
||
| 300 |
_a223p. ; _c21cm. |
||
| 650 |
_aFrench literature _xHistory and criticism _94731 |
||
| 942 |
_2lcc _cMONOGRAPH |
||
| 999 |
_c123761 _d123761 |
||